| 000 | 00586nam a22002057a 4500 | ||
|---|---|---|---|
| 005 | 20251108170738.0 | ||
| 008 | 250721s1982 xx 000 0 ara d | ||
| 082 | 1 | 4 | _aط/612/جلم |
| 100 | 1 | _aجلمسر، برنارد | |
| 245 | 1 | 0 | _aجسم الإنسان / |
| 250 | _aط8 | ||
| 264 | 1 |
_aالقاهرة : _bدار المعارف، _c1982. |
|
| 300 | _a101ص | ||
| 650 | 1 | 7 | _aعلم التشريح |
| 650 | 1 | 7 | _aالطب |
| 653 | _aناشئون كبار ( 15 - 18 سنة ) | ||
| 700 | 1 |
_aسلامة، صلاح الدين _eترجمة |
|
| 942 |
_2ddc _cBK |
||
| 999 |
_c48020 _d48020 |
||